| 000 | 01176nac a22003131u 4500 | ||
|---|---|---|---|
| 090 | _c6024 | ||
| 008 | 080818t xxu||||| |||| 00| 0 eng d | ||
| 010 | _a 2006100097 | ||
| 020 | _a9780073294681 (alk. paper) | ||
| 020 | _a0073294683 (alk. paper) | ||
| 082 | 0 | 0 |
_a004 _bOLE |
| 100 | _aO'Leary, Timothy J., | ||
| 245 | 1 | 0 |
_aComputing essentials 2008 / _cTimothy J. O'Leary, Linda I. O'Leary. |
| 250 | _aIntroductory ed. | ||
| 260 |
_aBoston : _bMcGraw-Hill/Irwin,c2008. _cc2008. |
||
| 300 | _ap. cm. | ||
| 490 | 0 | _aO'Leary series | |
| 500 | _aIncludes index. | ||
| 500 | _aInternational Edition. | ||
| 500 | _aDistributer: Baccah. | ||
| 511 | _aCatalogued By: Mahitab. | ||
| 650 | 0 | _aComputers. | |
| 650 | 0 | _aElectronic data processing. | |
| 700 | 1 | _aO'Leary, Linda I. | |
| 856 | 4 | 1 |
_3Table of contents only _uhttp://www.loc.gov/catdir/toc/ecip076/2006100097.html |
| 856 | 4 | 1 |
_3Contributor biographical information _uhttp://www.loc.gov/catdir/enhancements/fy0642/2006100097-b.html |
| 942 |
_cNB _k004OLE _2ddc |
||
| 999 |
_c6024 _d6024 |
||